Sports Quiz

Random Sports Quiz

Toronto Blue Jays Pitchers with 10+ wins from 1990-1999 Quiz Stats

Quiz not verified by Sporcle

Also try: Rose Bowl Teams
Challenge
Share
Tweet
Embed
Score 0/19 Timer 10:00
0 Plays Today
Years Pitcher % Correct
1997-1998Roger Clemens
100%
1990-1992Jimmy Key
98.4%
1991-1999Pat Hentgen
96.8%
1990-1992, 1998Dave Stieb
93.7%
1990-1992, 1999David Wells
93.7%
1992-1993Jack Morris
93.7%
1991-1998Juan Guzman
90.5%
1990-1994Todd Stottlemyre
85.7%
1993-1994Dave Stewart
84.1%
1992, 1995David Cone
82.5%
Years Pitcher % Correct
1990-1995Duane Ward
79.4%
1990-1995Al Leiter
68.3%
1997-1999Chris Carpenter
68.3%
1991-1997Mike Timlin
66.7%
1997-1999Kelvim Escobar
60.3%
1993-1998Woody Williams
54%
1993-1996Tony Castillo
47.6%
1996-1999Paul Quantrill
46%
1996-1998Erik Hanson
41.3%

You're not logged in!

Compare scores with friends on all Sporcle quizzes.
Sign Up with Email
OR
Log In

You Might Also Like...

Show Comments

Extras

Top Quizzes Today


Score Distribution

Your Account Isn't Verified!

In order to create a playlist on Sporcle, you need to verify the email address you used during registration. Go to your Sporcle Settings to finish the process.

Report this User

Report this user for behavior that violates our Community Guidelines.

Details: